• 首页
  • 本馆介绍
  • 公告通知
  • 最新文献
  • 馆藏检索
  • 电子资源
  • 读者导购
  • 参考咨询
  • 我的图书馆
  • 登录
  • 详细信息显示
  • 放入我的书架
  • 预约/预借图书
  • 作者相关作品
  • 分类相关作品
  • 丛书相关作品
  • 出版社相关作品

书目信息

  • 表格格式
  • 工作单格式
  • 卡片格式
题名:
超纯挥发性无机氢化物
    
 
作者: 杰维蒂赫 , Девятых , 佐林 , Зорин 著 ;解崇绅 译
分册:  
出版信息: 北京   科学出版社  1985
页数: 310页
开本: 19cm
丛书名:
单 册:
中图分类: O613.2
科图分类:
主题词: 挥发性-无机化合物:氢化合物 , 无机化合物:氢化合物-挥发性 , 氢化合物:无机化合物-挥发性
电子资源:
ISBN:
000 00973nam0 2200313 45
001 0185010796
005 20040914154302.4
010    @dCNY2.35
091    @a13031.2765
100    @a19901004d1985 emky0chiy0121 ea
101 1  @achi@crus
102    @aCN@b110000
105    @ay z 000yy
106    @ar
200 10 @a超纯挥发性无机氢化物@Achao chun hui fa xing wu ji qing hua wu@f(苏)杰维蒂赫(Девятых,Г.), (苏)佐林(Зорин,А.)著@g解崇绅译
210    @a北京@c科学出版社@d1985
215    @a310页@d19cm
606    @a挥发性-无机化合物:氢化合物
606    @a无机化合物:氢化合物-挥发性
606    @a氢化合物:无机化合物-挥发性
690    @aO613.2@v3
701  1 @a杰维蒂赫@Ajie wei di he@bГ.@4著
701 A1 @aДевятых@bГ.@4著
701  1 @a佐林@Azuo lin@bА.@4著
701 A1 @aЗорин@bА.@4著
702  0 @a解崇绅@Axie chong shen@4译
801  0 @aCN@b深圳图书馆@c20040914
801  2 @aCN@bNLC@c20040914
905    @f1@b127444@dO613.2@e1
    
    超纯挥发性无机氢化物/(苏)杰维蒂赫(Девятых,Г.), (苏)佐林(Зорин,А.)著/解崇绅译.-北京:科学出版社,1985
    310页;19cm
    
    
    ISBN :CNY2.35
    
●
相关链接 在E读中查询图书 在五车中查询图书 在当当中查询图书 在豆瓣中查询图书


正题名:超纯挥发性无机氢化物     索取号:O613.2/1         预约/预借

序号 登录号 条形码 馆藏地/架位号 状态 备注
1 0127444   001701974   第三借阅区/ [索取号:O613.2/1] 在馆    
2 0127445   202099415   第二样本阅览室/ [索取号:O613.2/1] 在馆    
唐山师范学院图书馆 欢迎您!
大连网信软件有限公司© 版权所有